LIBRARY & INFORMATION CENTRE, KCAET, TAVANUR

ONLINE PUBLIC ACCESS CATALOGUE (OPAC)

Samuhya pada bhodanam / (Record no. 326)

MARC details
000 -LEADER
fixed length control field 00498cam a2200205ua 4500
041 ## - LANGUAGE CODE
Language code of text/sound track or separate title eng
082 ## - DEWEY DECIMAL CLASSIFICATION NUMBER
Classification number 300
Item number NAI/SA
100 ## - MAIN ENTRY--AUTHOR NAME
Personal name Nair, V G .
245 ## - TITLE STATEMENT
Title Samuhya pada bhodanam /
250 ## - EDITION STATEMENT
Edition statement 1 /
260 ## - PUBLICATION, DISTRIBUTION, ETC. (IMPRINT)
Place of publication Kottayam :
Name of publisher Vidyarthi Mitram Book Depo ,
Year of publication 1957.
300 ## - PHYSICAL DESCRIPTION
Number of Pages 118 ; .
700 1# - ADDED ENTRY--PERSONAL NAME
Personal name Mathew, John .
700 1# - ADDED ENTRY--PERSONAL NAME
Personal name Thomas, C T .
942 ## - ADDED ENTRY ELEMENTS (KOHA)
Koha item type Books
Holdings
Withdrawn status Lost status Damaged status Home library Current library Date acquired Full call number Accession Number Koha item type Public note
Withdrawn     KAUAET Sanskrit University 07/04/2012 300 8280 Books Transferred to Sanskrit University
free website counter